000 00562nam a22001817a 4500
003 BD-DhJNU
005 20251111035217.0
008 251111b |||||||| |||| 00| 0 eng d
040 _aBD-DhJNU
_bENG
_cBD-DhJNU
_dBD-DhJNU
082 _223
_a519.502415
100 _aSiegel, Sidney
245 _aNonparametric statistics for the behavioral sciences /
_cSidney Siegel
260 _aNew York :
_bMcGraw-Hill Book Company, INC.,
_c1956.
300 _axvii, 312 p. :
_bill. ;
_c24 cm.
504 _aincludes index
650 _aExperimental design
942 _2ddc
_cBK
_n0
999 _c2350
_d2350